| 000 | 00642nam a22001937a 4500 | ||
|---|---|---|---|
| 003 | AUA.1 | ||
| 005 | 20251027123821.0 | ||
| 008 | 250701b |||||||| |||| 00| 0 eng d | ||
| 040 | _cJTL | ||
| 100 | _aChoga, Trust | ||
| 245 |
_aDigital media and bible study habits : _bA case study of Zimre Park Main Church, Harare, Zimbabwe / _cTrust Choga. |
||
| 260 | _cc2023. | ||
| 300 |
_aviii, 72 leaves : _bIllustrations : _c30cm. |
||
| 610 |
_aZimre Park Main Church _zHarare, Zimbabwe |
||
| 650 | _aDigital communication | ||
| 650 |
_aBible _xStudy and teaching |
||
| 650 | _aStudy skills | ||
| 942 |
_2aua _cPROJECT _hMDiv _i.C46 2023 |
||
| 999 |
_c25125 _d25125 |
||